00696nam a2200181 i 450000100060000000300090000600500170001500700030003200800410003510000290007624501350010526000400024030000300028070000340031085200320034499900170037695201210039396029ES-MaACL20230906181825.0t|050609s1956 sp ||||1| spa d1 aMc Bain, James W.97951410aCiencia de los coloides b: física, química y técnica / cJames W. Mc Bain; versión del inglés por A. Sanromá Nicolau. aBarcelona : bGustavo Gili, c1956. a467 p. : bil. ; c25 cm.1 aSanromá Nicolau, A.9103200 aES-MaACLjC-11231 bR.39154 c96029d96029 00104070aATENEOMbATENEOMcSPALd2008-01-17eSCl0oC-11231p1100264r2023-02-23 00:00:00w2023-02-23yMONOGRAFIA